Giải mã hai chiếc sập rồng đền vua Đinh và những vấn đề lịch sử /

Сохранить в:
Библиографические подробности
Главный автор: Trang Thanh Hiền.
Формат: Статья
Язык:Vietnamese
Предметы:
Метки: Добавить метку
Нет меток, Требуется 1-ая метка записи!
Thư viện lưu trữ: Thư viện Trường Đại học Đà Lạt
LEADER 00799nam a2200265 4500
001 DLU120132157
005 ##20120227
040 # # |a DLU  |b vie 
041 # # |a vie 
044 # # |a vn 
100 # # |a Trang Thanh Hiền. 
245 # # |a Giải mã hai chiếc sập rồng đền vua Đinh và những vấn đề lịch sử /  |c Trang Thanh Hiền. 
653 # # |a Chạm khắc 
653 # # |a Hình tượng rồng 
653 # # |a Nghệ thuật tạo hình 
773 # # |t Văn hóa dân gian  |g Số 1(127), 2010, tr. 55-62 
920 # # |a Phòng Tạp chí -- Trung tâm Thông tin - Thư viện Trường Đại học Đà Lạt 
994 # # |a DLU 
900 # # |a True 
911 # # |a Nguyễn Thị Linh Chi 
925 # # |a G 
926 # # |a A 
927 # # |a BB 
980 # # |a Thư viện Trường Đại học Đà Lạt